00633nam a22002177a 4500999001900000003000400019020001800023082001800041100002600059245002500085260004900110300001500159546001200174650002100186650001800207650001900225700002400244700001900268942001200287952011600299 c194699d194699OSt a9789387973787 a631.4bNAR/SO aNarendra Kumar Lenka  aSoil health analysis aNew DelhibNew India Publishing Agencyc2020 aviii, 92p. aEnglish aSoil parameters  asoil reaction asoil analysis  aJyoti Kumar Thakur  aSangeeta Lenka 2ddccBK 00102ddc4070aKAUCLVbKAUCLVcGENERALd2020-07-08g1295.00l0o631.4 NAR/SOp230582r2020-07-08 00:00:00yBK